| 000 | 00523nam a22002297a 4500 | ||
|---|---|---|---|
| 001 | 29547 | ||
| 003 | UA-OsUOA | ||
| 005 | 20230913104805.0 | ||
| 007 | ta | ||
| 008 | 20041013b un ||||| |||| 00| 0 ukr d | ||
| 040 |
_aUA-OsUOA _brus _cUA-OsUOA _dUA-OsUOA |
||
| 041 | _arus | ||
| 044 | _aRU | ||
| 080 | _a821.161.2 | ||
| 090 |
_a821.161.2 _bШ37 |
||
| 245 |
_aПоезія 1847–1861 _cред. М. Г. Жулинський |
||
| 260 | _c2003 | ||
| 300 | _a784 с. | ||
| 650 | 7 | _2UDC | |
| 942 |
_cBK _2udc |
||
| 955 | _a0 | ||
| 999 |
_c315938 _d315938 |
||